Diccionari casteller / Xavier Brotons
ISBN:
84-7794-794-5
Descripción Física:
81 p. il. ; 20 cm
Materias:
Castellers -- Diccionaris
MARC
| LEADER | 00000nam a2200000Ia 4500 | ||
|---|---|---|---|
| 001 | 13162 | ||
| 008 | 160829s9999 xx 000 0 cat d | ||
| 020 | |a 84-7794-794-5 | ||
| 080 | |a O-1-106 | ||
| 100 | |a Brotons, Xavier |9 23815 | ||
| 245 | |a Diccionari casteller / Xavier Brotons | ||
| 260 | |a Barcelona : |b Diputació de Barcelona, cop. 2001 | ||
| 300 | |a 81 p. il. ; |c 20 cm | ||
| 650 | |a Castellers |x Diccionaris |9 23816 | ||
| 710 | 1 | |a Barcelona (Catalunya : Província). |b Diputació |9 52408 | |
| 901 | |a Arxiu | ||
| 942 | |n 1 | ||
| 952 | |0 0 |1 0 |4 0 |6 O1106 |7 1 |9 42867 |a Arxiu |b Arxiu |d 2016-12-01 |l 0 |o O-1-106 |p 13162 |r 2016-12-01 00:00:00 |w 2016-12-01 |y ARXIU | ||
| 999 | |c 45373 |d 45373 | ||